Word Ladder: Han Shoots First Quiz Stats

 Plays Quiz Updated Aug 2, 2012

Support Sporcle.
Go Orange.
Score 0/26 Timer 03:00
0 Plays Today
Hint Word % Correct
Movie maverick HanSOLO
91.2%
'Babel' and 'Benjamin Button' actor BradPITT
88.8%
'The Devil's Own' actor HarrisonFORD
85.4%
LocateFIND
85.3%
'Fellowship of the Ring' actress BlanchettCATE
84.1%
Professional wrestling platformRING
82.9%
Fruit coveringRIND
82%
PartnerMATE
81.5%
Place with a lot of kiosks, usuallyMALL
81%
Pub offeringPINT
80.5%
Devoted; lovingFOND
80.3%
Sharp metallic soundPING
78.9%
Bloke; fellow; chap; dudeMALE
77.4%
Hint Word % Correct
Knight Rider car nameKITT
76.5%
In a reckless manner: pell-____MELL
70.2%
Make reference toCITE
69.8%
Recreational hovering contraptionKITE
69.5%
Shoestring tieBOLO
63.1%
Quite forwardBOLD
62.7%
CurveBEND
61.8%
Movie character surname often said twiceBOND
60.4%
RepastMEAL
47.1%
DropletBEAD
46.3%
InsigniaSEAL
42%
'Patriot Games' bad guy portrayer (first name)SEAN
38.9%
'Patriot Games' bad guy portrayer (surname)BEAN
37.1%

Today's Daily Dose

Word Ladder
Emancipation Day

Quick Pick
SNL Quotes

Get the Picture
June Holidays

You're not logged in!

Compare scores with friends on all Sporcle quizzes.
OR
Log In

From the Vault

Greek God or Human?

by BanjoZebra

Some of the mortal heroes performed such otherworldly feats that you can be excused for thinking of them as Gods.
Remove Ads.
Support Sporcle.
Get the best of Sporcle when you Go Orange. This ad-free experience offers more features, more stats, and more fun while also helping to support Sporcle. Thank you for becoming a member.

Show Comments

Extras

Top Quizzes Today


Score Distribution

Your Account Isn't Verified!

In order to create a playlist on Sporcle, you need to verify the email address you used during registration. Go to your Sporcle Settings to finish the process.

Report this User

Report this user for behavior that violates our Community Guidelines.

Details: